Statistics for Newest Countries

Click here to take the quiz!

General Stats

  • This quiz has been taken 64 times
  • The average score is 6 of 10

Answer Stats

Independence DateCountry% Correct
7/9/2011South Sudan
95%
2/17/2008Kosovo
82%
6/3/2006Montenegro
81%
6/5/2006Serbia
72%
5/20/2002East Timor
60%
1/1/1993Czech Republic
54%
1/1/1993Slovakia
54%
3/3/1992Bosnia and Herzegovina
51%
5/24/1993Eritrea
35%
10/1/1994Palau
32%

Score Distribution

Percentile by Number Answered

Percent of People with Each Score

Your Score History

You have not taken this quiz